000
00429nam a2200133Ia 4500
008
100328s9999 xx 000 0 und d
082
_b
21431
100
_a
वरेरकर भार्गवराम विठ्ठल
245
_a
विावा कुमारी
260
_b
रामकृष्ण
630
_a
विावा कुमारी
730
_a
विावा कुमारी
942
_c
BOOK
999
_c
515456
_d
515453